<?xml version="1.0" encoding="UTF-8"?><?xml-stylesheet type="text/xsl" href="static/style.xsl"?><OAI-PMH xmlns="http://www.openarchives.org/OAI/2.0/" xmlns:xsi="http://www.w3.org/2001/XMLSchema-instance" xsi:schemaLocation="http://www.openarchives.org/OAI/2.0/ http://www.openarchives.org/OAI/2.0/OAI-PMH.xsd"><responseDate>2026-04-14T02:41:24Z</responseDate><request verb="GetRecord" identifier="oai:www.recercat.cat:10459.1/469007" metadataPrefix="marc">https://recercat.cat/oai/request</request><GetRecord><record><header><identifier>oai:recercat.cat:10459.1/469007</identifier><datestamp>2025-11-17T19:38:13Z</datestamp><setSpec>com_2072_3622</setSpec><setSpec>col_2072_479130</setSpec></header><metadata><record xmlns="http://www.loc.gov/MARC21/slim" xmlns:dcterms="http://purl.org/dc/terms/" xmlns:xsi="http://www.w3.org/2001/XMLSchema-instance" xmlns:doc="http://www.lyncode.com/xoai" xsi:schemaLocation="http://www.loc.gov/MARC21/slim http://www.loc.gov/standards/marcxml/schema/MARC21slim.xsd">
   <leader>00925njm 22002777a 4500</leader>
   <datafield ind2=" " ind1=" " tag="042">
      <subfield code="a">dc</subfield>
   </datafield>
   <datafield ind2=" " ind1=" " tag="720">
      <subfield code="a">Caudet Sanchez , Patricia</subfield>
      <subfield code="e">author</subfield>
   </datafield>
   <datafield ind2=" " ind1=" " tag="720">
      <subfield code="a">Baiget, Ernest</subfield>
      <subfield code="e">author</subfield>
   </datafield>
   <datafield ind2=" " ind1=" " tag="720">
      <subfield code="a">Batalla Gavalda, Abraham</subfield>
      <subfield code="e">author</subfield>
   </datafield>
   <datafield ind2=" " ind1=" " tag="720">
      <subfield code="a">Colomar, Joshua</subfield>
      <subfield code="e">author</subfield>
   </datafield>
   <datafield ind2=" " ind1=" " tag="720">
      <subfield code="a">Crespo, Miguel</subfield>
      <subfield code="e">author</subfield>
   </datafield>
   <datafield ind2=" " ind1=" " tag="720">
      <subfield code="a">Martínez-Gallego, Rafael</subfield>
      <subfield code="e">author</subfield>
   </datafield>
   <datafield ind2=" " ind1=" " tag="720">
      <subfield code="a">Corbi Soler, Francesc</subfield>
      <subfield code="e">author</subfield>
   </datafield>
   <datafield ind2=" " ind1=" " tag="260">
      <subfield code="c">2025</subfield>
   </datafield>
   <datafield ind2=" " ind1=" " tag="520">
      <subfield code="a">Objectives: Soccer is the most practiced sport around the world. The injury incidence has an estimated rate of up to 70 injuries per 1000 h of play. FIFA 11+ is a program designed to prevent injuries and optimize performance. The purpose of this study was to analyze the acute effects of this program as a warm-up on different functional, physiological, and mechanical properties of various knee tissues and whether there were differences between genders. Methods: The sample included 45 recreational soccer players. Several muscular and tendon mechanical properties, muscular oxygen saturation, electromyography, maximum voluntary contraction, and rate of force development were analyzed, before and after performing the FIFA 11+. Results: Only a moderate significant increase in muscle oxygen saturation in men from pre- to post-test was reported. No other parameters showed statistically significant differences between groups, suggesting that the intervention may lack clinical relevance. The reported effect sizes were mostly trivial, so differences are unlikely to have significant practical relevance. Statistical analyses were performed using a 2 × 2 factorial repeated measures factorial ANOVA with Bonferroni post hoc comparisons. Conclusions: FIFA 11+ warm-up does not provide a sufficient stimulus to elicit mechanical or metabolic responses in the per-knee structures. Other warm-up designs may be more appropriate for finding these effects.</subfield>
   </datafield>
   <datafield ind1="8" ind2=" " tag="024">
      <subfield code="a">http://hdl.handle.net/10459.1/469007</subfield>
   </datafield>
   <datafield tag="653" ind2=" " ind1=" ">
      <subfield code="a">Warm-up</subfield>
   </datafield>
   <datafield tag="653" ind2=" " ind1=" ">
      <subfield code="a">Knee</subfield>
   </datafield>
   <datafield tag="653" ind2=" " ind1=" ">
      <subfield code="a">Soccer</subfield>
   </datafield>
   <datafield ind2="0" ind1="0" tag="245">
      <subfield code="a">Is the FIFA 11+ Warm-Up Effective for Inducing Acute Knee Adaptations in Recreational Soccer Players?</subfield>
   </datafield>
</record></metadata></record></GetRecord></OAI-PMH>